Elektronicky sprostredkovaná komunikácia a novinový text

Bibliographic Details
Main Author: Patráš, Vladimír, 1959- (Author)
Format: Article
Language:Slovak
ISBN:8089038212
Subjects:

MARC

LEADER 00000nab a2200000 a 4500
001 vtls010030903
003 SK-MaSNL
005 20260303220450.0
008 091211c2003 xo r m 000 00slo
015 |a SNBRA2009/12SVKPO 
038 |a SVKPO 
040 |a SVKPOCL  |c slo  |e AACR2 
041 0 |a slo 
044 |a xo  |c SK 
080 |a 004.738.5:050  |2 2001 
080 |a 81'27  |2 2001 
080 |a 004.738.5:070  |2 2001 
080 |a 316.772:004.738.5  |2 2001 
100 1 |a Patráš, Vladimír,  |d 1959-  |4 aut  |9 241952 
245 1 0 |a Elektronicky sprostredkovaná komunikácia a novinový text  |c Vladimír Patráš 
504 |a Bibliogr. odkazy 
546 |a Res. angl. 
650 0 7 |a komunikácia  |2 svkpocl  |9 1362 
650 0 7 |a elektronické periodiká  |2 svkpocl  |9 404691 
650 0 7 |a internetová komunikácia  |2 svkpocl  |9 1849 
773 0 |t Komunikácia a text : zborník materiálov z vedeckej konferencie s medzinárodnou účasťou organizovanej pri príležitosti životného jubilea doc. PhDr. Františka Ruščáka, CSc, v dňoch 15.-16. novembra 2001 v Prešove / ed. Zuzana Stanislavová  |d Prešov : Náuka, 2003  |g S. 244-257  |z 8089038212 
852 |a SVKPO  |b KIS3GCP 
958 |a SK 
958 |a NB 
999 |c 2227347  |d 2229277